Ingeniería térmica

Gespeichert in:
Bibliographische Detailangaben
1. Verfasser: Llorens, Martín (autor)
Weitere Verfasser: Miranda Barreras, Angel Luis (autor)
Format: Buch
Sprache:Spanisch
Veröffentlicht: Barcelona CEAC 1999
Schlagworte:
Tags: Tag hinzufügen
Keine Tags, Fügen Sie den ersten Tag hinzu!

MARC

LEADER 00000nam a2200000 a 4500
001 UCP6044
003 CL-VaPUC
008 991008e19990000SP |||||||||||||||||spa|d
082 0 4 |a 621.402  |b LLO  |2 21 
100 |a Llorens, Martín  |e autor  |9 499716 
700 |a Miranda Barreras, Angel Luis  |e autor  |9 553634 
245 1 0 |a Ingeniería térmica 
300 |a 477 p 
942 |c BK 
945 |d 19991008 00:00:00  |a rbrito 
260 |a Barcelona  |b CEAC  |c 1999 
500 |a Incluye CD 
500 |a UN EJEMPLAR EN PODER DE DOCENTE BEATRIZ CANCINO, POR PROYECTO DE MEJORAMIENTO DE LA CALIDAD DE LA DOCENCIA 
650 7 |a INGENIERIA TERMICA  |2 CL-VaPUC  |9 352309 
650 0 |a Termodinámica   |9 259320 
650 7 |a TEMPERATURA  |2 CL-VaPUC  |9 434847 
650 0 |a Entropía  |9 262675 
650 0 |a Transmisión de calor  |9 259410 
650 0 |a Compresores   |9 259361 
650 0 |a Motores de combustión interna  |9 261038 
650 0 |a Combustibles  |9 271720 
583 |a last modification  |c 19991008 00:00:00  |k Rodrigo Vera 
999 |c 283674  |d 283672